| 000 | 00751cab a2200241 4500 | ||
|---|---|---|---|
| 001 | WB3139-47 | ||
| 008 | 090401t1995 xxu||||| |||| 00| 0 eng d | ||
| 035 | _a(Sirsi) u2945 | ||
| 041 | _aeng | ||
| 245 | _aArticle 4 directions effective | ||
| 260 | _c1995 | ||
| 350 | _a0 | ||
| 490 |
_aDoE News Release _v(493) 16 October 1995, (2) |
||
| 520 | _a70% of local authorities believe that use of Article 4 Directions prevent undesirable development. | ||
| 650 | _aARTICLE 4 DIRECTIONS | ||
| 650 | _aPERMITTED DEVELOPMENT | ||
| 650 | _aPLANNING CONTROL | ||
| 650 | _aTEMPORARY USES | ||
| 650 | _aTOWN AND COUNTRY PLANNING (GENERAL PERMITTED DEVELOPMENT) ORDER 1995 | ||
| 690 | _aPLANNING LAW AND PRACTICE | ||
| 942 | _n0 | ||
| 948 | _c04/03/1997 | ||
| 999 |
_c1774 _d1774 |
||